1627 1213 1001 1119 1981 1228 1345 1985 1965 1875 1700 1749 1602 1776 1828 1582 1762 1737 1722 1068 1300 1031 1297 1522 1563 1467 1750 1046 1392 1763 1936 1675 1139 1460 1267 1563 1826 1212 1610 1385 1130 1435 1067 1231 1305 1680 1338 1938 1766 1338 1926 1600 1495 1874 1546 1277 1111 1556 1195 1639 1781 1741 1674 1596 1075 1472 1835 1752 1885 1434 1885 1107 1425 1175 1450 1121 1133 1350 1540 1247 1880 1616 1792 1044 1995 1107 1190 1876 1877 1236 1865 1558 1220 1806 1855 1375 1773 1449 1360 BCNSPRNW ULIB Ver.6.0+V

เปลี่ยนเป็นภาษาไทย

Change to English
 แสดงรายละเอียดบรรณานุกรม
  กลับหน้าหลัก

Brief Record : Get Marc (ISO 2709) : E-mail record : QR code < ปิดหน้าต่าง
LEADER : 00000nam 2200000uu 4500
001    13399115019
003     ULIB
008    020711s2552 th a 000 0 tha d
020    ^a9789742126896
082 04 ^aรส.^bบ826A
090    ^aรส.^bบ826A
100    ^aFrances Hodgson Burnett
245    ^aเจ้าหญิงน้อยผู้ทรนง /^cFrances Hodgson Burnett
260    ^aกรุงเทพฯ :^bซีเอ็ด,^c2552
300    68 หน้า
500    ชุดอ่านอังกฤษ เก่งอังกฤษ
501    Stage 1
945    ^p75^l0^i028468
999 ^a ทศพร
รายการนี้ยังไม่มีแท็ก
คุณยังไม่ได้ล็อกอิน คุณสามารถมีกิจกรรมร่วมกับเว็บไซต์ได้ แต่ต้องล็อกอินก่อน ::
  ล็อกอิน

รายการสื่อสารสนเทศ

ลำดับที่ ประเภท เลขเรียก/บาร์โค้ด สถานที่ สถานะ
1. นวนิยาย
นวนิยาย
รส. บ826A รส. บ826A ฉ.1 
  Barcode: 028468
ห้องสมุดวิทยาเขตสวรรค์ประชารักษ์
►นวนิยาย
บนชั้น
  ขอยืม

BibComment


ยังไม่เคยถูกคอมเมนท์

คอมเมนท์ทรัพยากรรายการนี้
  คอมเมนท์: เจ้าหญิงน้อยผู้ท..

สมาชิกที่บันทึกรายการนี้ไว้ในรายการโปรด
นางสาวนุชศรา พรมชัย

 Copyright 2026. Bcnsprnw @Library